[Event "London Classic op U1825 8th"]
[Site "London"]
[Date "2016.12.11"]
[Round "4"]
[White "Ramaiya, Anshu"]
[Black "Lee, Kyung Chan"]
[Result "1-0"]
[WhiteElo "1802"]
[BlackElo "1367"]
[PlyCount "89"]
[EventDate "2016.12.09"]
[EventType "swiss"]
[EventRounds "5"]
[EventCountry "ENG"]
[SourceTitle "EXT 2019"]
[Source "ChessBase"]
[SourceDate "2018.10.10"]
[SourceVersion "1"]
[SourceVersionDate "2018.10.10"]
[SourceQuality "1"]

1. e4 c6 2. Nc3 d5 3. Nf3 Bg4 4. h3 Bxf3 5. Qxf3 Nf6 6. d3 e6 7. Bd2 d4 8. Ne2 c5 9. g4 Nc6 10. Ng3 Qb6 11. b3 0-0-0 12. Bg2 Bd6 13. g5 Ne5 14. Qe2 Nfd7 15. f4 Ng6 16. e5 Bf8 17. h4 f6 18. h5 Ne7 19. exf6 gxf6 20. gxf6 Nxf6 21. Bh3 Nf5 22. Nxf5 exf5 23. Bxf5+ Kb8 24. Be6 Bd6 25. 0-0-0 Rhe8 26. f5 Nd5 27. Kb2 Nc3 28. Bxc3 dxc3+ 29. Kxc3 Qa5+ 30. Kb2 c4 31. Qe1 Ba3+ 32. Kb1 c3 33. Rh4 Bb4 34. a4 Rd6 35. Qe4 Rb6 36. Re1 Be7 37. Bf7 Rb4 38. Qxb4 Bxb4 39. Rxe8+ Kc7 40. Rc4+ Kd6 41. Rd4+ Kc7 42. Be6 Qe5 43. Rc8+ Kb6 44. Rxb4+ Ka5 45. Rb5+ 1-0

[Event "London Classic op U1825 8th"]
[Site "London"]
[Date "2016.12.10"]
[Round "2"]
[White "Lee, Kyung Chan"]
[Black "Bishop, Geoffrey L"]
[Result "1-0"]
[WhiteElo "1367"]
[BlackElo "1691"]
[PlyCount "85"]
[EventDate "2016.12.09"]
[EventType "swiss"]
[EventRounds "5"]
[EventCountry "ENG"]
[SourceTitle "EXT 2019"]
[Source "ChessBase"]
[SourceDate "2018.10.10"]
[SourceVersion "1"]
[SourceVersionDate "2018.10.10"]
[SourceQuality "1"]

1. e4 d5 2. exd5 Nf6 3. d4 Bg4 4. Nf3 Qxd5 5. Nc3 Qf5 6. Bd3 Qh5 7. Be2 Nc6 8. 0-0 Qg6 9. h3 h5 10. Bd3 Bf5 11. Nh4 Qh7 12. Nxf5 g6 13. Ne3 0-0-0 14. d5 Nb4 15. a3 Nbxd5 16. Ncxd5 Nxd5 17. Nxd5 Rxd5 18. Qf3 e6 19. Be4 Rb5 20. a4 Rb6 21. Be3 f5 22. Bxb6 fxe4 23. Qxe4 axb6 24. Qxe6+ Kb8 25. Rad1 Bd6 26. Rd3 g5 27. Rfd1 g4 28. h4 Qg7 29. Rxd6 cxd6 30. Qxd6+ Ka7 31. Qd4 Qxd4 32. Rxd4 Rc8 33. c3 Rc5 34. f4 Ka6 35. Kf2 b5 36. axb5+ Kxb5 37. Ke3 Kc6 38. Kd3 Rf5 39. g3 b5 40. Ke4 Rf8 41. Rd3 Rf7 42. b4 Rf8 43. f5 1-0

[Event "London Classic op U1825 8th"]
[Site "London"]
[Date "2016.12.09"]
[Round "1"]
[White "Jamroz, Viktor"]
[Black "Lee, Kyung Chan"]
[Result "0-1"]
[WhiteElo "1662"]
[BlackElo "1367"]
[PlyCount "88"]
[EventDate "2016.12.09"]
[EventType "swiss"]
[EventRounds "5"]
[EventCountry "ENG"]
[SourceTitle "EXT 2019"]
[Source "ChessBase"]
[SourceDate "2018.10.10"]
[SourceVersion "1"]
[SourceVersionDate "2018.10.10"]
[SourceQuality "1"]

1. e4 c6 2. d4 d5 3. Nc3 dxe4 4. Nxe4 Bf5 5. Ng3 Bg6 6. Nf3 Nd7 7. Be2 Ngf6 8. 0-0 e6 9. Nh4 Bd6 10. Nxg6 hxg6 11. c4 Ne4 12. Bg4 Ndf6 13. Bf3 Qc7 14. Re1 Nxg3 15. fxg3 0-0-0 16. c5 Bxc5 17. dxc5 Rxd1 18. Rxd1 Rd8 19. Bf4 Rxd1+ 20. Rxd1 e5 21. Be3 Qa5 22. a3 Nd5 23. Bf2 Qa4 24. Re1 f6 25. Re4 Qc2 26. Re2 Qc1+ 27. Re1 Qxb2 28. a4 Qb4 29. Re4 Qa5 30. Rh4 Qd8 31. Be1 Qe7 32. Rh8+ Kd7 33. Rh7 Qxc5+ 34. Kf1 Ne3+ 35. Ke2 Nf5 36. Bg4 Qc4+ 37. Kf3 e4+ 38. Kf2 e3+ 39. Kf3 Qf1+ 40. Ke4 Qxe1 41. Rxg7+ Kd6 42. Rg8 Qb1+ 43. Kf4 Qf1+ 44. Bf3 Qc4+ 0-1